| 000 | 00405pam a2200157a 44500 | ||
|---|---|---|---|
| 008 | 230515b1996 xxu||||| |||| 00| 0 eng d | ||
| 020 | _aNULL | ||
| 041 | _aENGLISH | ||
| 082 | _a612.044 | ||
| 100 | _aMCARDLE W.D. | ||
| 245 | _aEXERCISE PHYSIOLOGY | ||
| 250 | _a5TH | ||
| 260 |
_aNEW YORK _bWILLIAMS AND WILKINS A WAVERLY COMPANY MAYFIELD PUBLISHING COMPANY _c1996 |
||
| 300 | _a1158 | ||
| 650 | _aNULL | ||
| 999 |
_c519381 _d519381 |
||